| 000 | 00703nam a2200253 a 4500 | ||
|---|---|---|---|
| 001 | 64355 | ||
| 003 | BD-RjUL | ||
| 005 | 20211209081309.0 | ||
| 008 | 170214s1993 enk 000 0 eng d | ||
| 020 | _a0571169333 (cased) | ||
| 020 | _a0571169341 (FPB) | ||
| 035 | _a(BD-RjUL)64485 | ||
| 040 |
_aInU _cInU _dUk _dBD-RjUL _beng |
||
| 041 | _aeng | ||
| 082 | 0 | 0 |
_a822.914 _223 _bART 2009 |
| 100 | 1 |
_aStoppard, Tom. _9191025 |
|
| 245 | 1 | 0 |
_aArcadia / _cTom Stoppard. |
| 260 |
_aLondon : _aBoston : _bFaber and Faber, _c1993. |
||
| 300 |
_a97 p. ; _c20 cm. |
||
| 500 | _aA play. | ||
| 650 |
_aEnglish drama -- 20th century. _9191026 |
||
| 650 |
_aDrama -- 20th century. _9191027 |
||
| 942 |
_2ddc _cBK |
||
| 999 |
_c64355 _d64355 |
||